000 00573nam a2200181Ia 4500
003 GCL
008 140319s9999 xx 000 0 ara d
040 _aGCL /
_cGCL
082 0 4 _a723.3
_bا ا
100 1 _aاسماعيل سراج الدين
245 1 0 _aاحياء المدن التاريخية /
_cاسماعيل سراج الدين
300 _a ؛
_c30 سم
650 0 4 _aالعمارة الاسلامية
650 0 4 _aالمدن الاسلامية
650 0 4 _aالفن الاسلامى - تاريخ
650 0 4 _aالاثار - ترميم
942 _2ddc
_cBK
999 _c5839
_d5839